000 00274nam a22001217a 4500
008 170605b xxu||||| |||| 00| 0 eng d
041 _aeng
080 _a94(7/8)
100 _a18
101 _aSHH
245 _aAHISTORY OF UNITED STATES
_cWILLIAMS.T.H
942 _2udc
_cBK
999 _c15990
_d15990